The Building and Approved Inspectors (Amendment) Regulations 2010 (Record no. 110969)

MARC details
000 -LEADER
fixed length control field 00866cam a22002175a 4500
001 - CONTROL NUMBER
control field L150748
008 - FIXED-LENGTH DATA ELEMENTS--GENERAL INFORMATION
fixed length control field 100831e2010 xxk 000 0 eng d
035 ## - SYSTEM CONTROL NUMBER
System control number (Sirsi) u150748
041 0# - LANGUAGE CODE
Language code of text/sound track or separate title eng
110 2# - MAIN ENTRY--CORPORATE NAME
Corporate name or jurisdiction name as entry element United Kingdom
Form subheading Laws, etc.
9 (RLIN) 5044
245 04 - TITLE STATEMENT
Title The Building and Approved Inspectors (Amendment) Regulations 2010
Medium [electronic resource]
260 ## - PUBLICATION, DISTRIBUTION, ETC.
Place of publication, distribution, etc. Kew
Name of publisher, distributor, etc. National Archives
Date of publication, distribution, etc. 2010
490 ## - SERIES STATEMENT
Series statement SI
Volume/sequential designation (719)
520 ## - SUMMARY, ETC.
Summary, etc. Amendments to The Building Regulations coming into force 12 March 2010; Buildings and Buildings England and Wales.
590 ## - LOCAL NOTE (RLIN)
Local note KA NTK
650 24 - SUBJECT ADDED ENTRY--TOPICAL TERM
Topical term or geographic name entry element BUILDING AND APPROVED INSPECTORS (AMENDMENT) REGULATIONS 2010
651 #4 - SUBJECT ADDED ENTRY--GEOGRAPHIC NAME
Geographic name England and Wales
Chronological subdivision 1543-
690 ## - LOCAL SUBJECT ADDED ENTRY--TOPICAL TERM (OCLC, RLIN)
Topical term or geographic name as entry element Building regulations
9 (RLIN) 6224
856 48 - ELECTRONIC LOCATION AND ACCESS
Uniform Resource Identifier <a href="https://www.legislation.gov.uk/uksi/2010/719/made">https://www.legislation.gov.uk/uksi/2010/719/made</a>
Public note View the website free of charge at www.legislation.gov.uk
942 ## - ADDED ENTRY ELEMENTS (KOHA)
Suppress in OPAC 0
Holdings
Withdrawn status Lost status Source of classification or shelving scheme Damaged status Not for loan Home library Current library Shelving location Date acquired Total Checkouts Full call number Barcode Date last seen Copy number Price effective from Koha item type
    Dewey Decimal Classification     Virtual Virtual Online 31/08/2010   ONLINE PUBLICATION 150748-2001 06/08/2019 1 06/08/2019 Book